000 00770nam a2200205 a 4500
005 20240924070945.0
008 020828s1999 mx r 000 0 spa d
020 _a958665026X
035 _aUPN01000118700
049 _aCG
050 4 _aJC574
_bC6.3
100 1 _aCortés Rodas, Francisco
245 1 0 _aDe la política de la libertad a la política de la igualdad :
_bun ensayo sobre los límites del liberalismo /
_cFrancisco Cortés Rodas.
260 _aSanta Fé de Bogotá :
_bUniversidad de Antioquia, Instituto de Filosofía, Siglo del hombre,
_c1999.
300 _a178 p.
440 0 _aBiblioteca universitaria.
_pCiencias sociales y humanidades.
_pFilosofía política
650 4 _aLiberalismo
_915125
650 4 _aMulticulturalismo
_95798
905 _aLibro
999 _c91066
_d91066